=LDR 00000nam 2200000 4500 =001 INLIS000000000028507 =005 20130612130815 =008 ***********************************ind** =035 ##$$0010-061300000028507 =041 ##$$a ind =082 ##$$a 001.5 =090 ##$$a 001.5, HAN m =100 ##$$a Hanafi, Abdillah =245 ##$$a Memahami komunikasi antar manusia, Abdillah Hanafi =260 ##$$a 1984 $b Surabaya =300 ##$$a viii, 286 hlm., 21 cm =650 ##$$a Ilmu Komunikasi =850 ##$$a NBPNMAT